00550nam a2200169 a 450000500170000000800410001702000180005805000260007610000180010224500490012026000450016930000070021444000230022152000710024465000330031565000320034820140412111410.0070214s19uu xx 00 eng d a983-187-216-9 aTR(GS 428.4bM11 2004 aMah, May S.M. aCat's big wig & The tin bin /cMay S.M. Mah. aMalaysia :bRhythm publishing co,c2004. a24 aPhonics in reading aThe pre - reading practice introduces new words before the stories aPhonetics-- English language aReading -- English language